000 00475nam a2200169 a 4500
005 20140310183134.0
008 030719s19uu xx 00 eng d
010 _aCollege Library
020 _a8185185158
050 _aQH 302.5
_b.B983 2003
100 _aButani, Dhamo K.
245 _aDictionary of biology /
_cDhamo K. Butani.
260 _aNew Delhi :
_bAcademic (India) Publishers,
_cc2003.
650 _aBiology - dictionaries
942 _cBK
_2lcc
999 _c19225
_d19225